| 000 | 00692nam a2200229 i 4500 | ||
|---|---|---|---|
| 001 | bg | ||
| 100 | 1 |
_aCZARNOMSKI, Michał _d(1943- ) |
|
| 245 | 1 | 0 |
_aIntegracja europejska : _bewolucja zjawiska / _cMichał Czarnomski ; Politechnika Częstochowska. |
| 260 |
_aCzęstochowa : _bWydaw. PC, _c2001. |
||
| 300 |
_a186 s. ; _c24 cm. |
||
| 500 | _aStreszcz. ang., niem. | ||
| 504 | _aBibliogr. | ||
| 650 | 9 |
_aIntegracja europejska _xhistoria _y19-20 w. |
|
| 710 | 0 | _aPolitechnika Częstochowska | |
| 020 | _a8371931492 | ||
| 040 | _cBPK | ||
| 041 | 0 |
_apl _bende |
|
| 080 | _a339.92+327.39](4)"18/19" | ||
| 920 | _a83-7193-149-2 | ||
| 942 | _cKS | ||
| 008 | s pl f |000 0 pol | ||
| 999 |
_c42177 _d42177 |
||
| 856 |
_uhttp://koha.tu.koszalin.pl/cgi-bin/koha/opac-detail.pl?biblionumber=42177 _yKatalog online BPK |
||